000 00195 a2200085 4500
020 _a9788957705087
100 _aArchiworld
245 _aDetail + Interior + Architecture Vol 10
260 _bArchiworld
999 _c13519
_d13519